The Art of Leadership / (Record no. 14990)
[ view plain ]
| 000 -LEADER | |
|---|---|
| fixed length control field | 02647cam a22003974a 4500 |
| 001 - CONTROL NUMBER | |
| control field | 15395497 |
| 005 - DATE AND TIME OF LATEST TRANSACTION | |
| control field | 20090901070730.0 |
| 008 - FIXED-LENGTH DATA ELEMENTS--GENERAL INFORMATION | |
| fixed length control field | 080804s2009 maua 001 0 eng |
| 010 ## - LIBRARY OF CONGRESS CONTROL NUMBER | |
| LC control number | 2008034342 |
| 020 ## - INTERNATIONAL STANDARD BOOK NUMBER | |
| International Standard Book Number | 0071276289 |
| 020 ## - INTERNATIONAL STANDARD BOOK NUMBER | |
| International Standard Book Number | 9780071276283 |
| 040 ## - CATALOGING SOURCE | |
| Original cataloging agency | DLC |
| Transcribing agency | DLC |
| Modifying agency | DLC |
| 050 00 - LIBRARY OF CONGRESS CALL NUMBER | |
| Classification number | BF637.L4 |
| Item number | M26 2009 |
| 082 00 - DEWEY DECIMAL CLASSIFICATION NUMBER | |
| Classification number | 158.4 |
| Edition number | 22 |
| Item number | MAN |
| 100 1# - MAIN ENTRY--PERSONAL NAME | |
| Personal name | Manning, George, |
| Dates associated with a name | 1957- |
| 9 (RLIN) | 22494 |
| 245 14 - TITLE STATEMENT | |
| Title | The Art of Leadership / |
| Statement of responsibility, etc | George Manning, Kent Curtis. |
| 250 ## - EDITION STATEMENT | |
| Edition statement | 3rd ed. |
| 260 ## - PUBLICATION, DISTRIBUTION, ETC. (IMPRINT) | |
| Place of publication, distribution, etc | Boston : |
| Name of publisher, distributor, etc | McGraw-Hill Irwin, |
| Date of publication, distribution, etc | 2009. |
| 300 ## - PHYSICAL DESCRIPTION | |
| Extent | xv, 454 p. : |
| Other physical details | ill. ; |
| Dimensions | 28 cm. |
| 504 ## - BIBLIOGRAPHY, ETC. NOTE | |
| Bibliography, etc | Includes bibliographical references p. 418-436 and index |
| 650 #0 - SUBJECT ADDED ENTRY--TOPICAL TERM | |
| Topical term or geographic name as entry element | Leadership. |
| 9 (RLIN) | 22495 |
| 650 #0 - SUBJECT ADDED ENTRY--TOPICAL TERM | |
| Topical term or geographic name as entry element | Management. |
| 9 (RLIN) | 22496 |
| 700 1# - ADDED ENTRY--PERSONAL NAME | |
| Personal name | Curtis, Kent, |
| Dates associated with a name | 1939- |
| 9 (RLIN) | 22497 |
| 856 41 - ELECTRONIC LOCATION AND ACCESS | |
| Materials specified | Table of contents only |
| Uniform Resource Identifier | <a href="http://www.loc.gov/catdir/toc/ecip0825/2008034342.html">http://www.loc.gov/catdir/toc/ecip0825/2008034342.html</a> |
| 942 ## - ADDED ENTRY ELEMENTS (KOHA) | |
| Source of classification or shelving scheme | Dewey Decimal Classification |
| Item type | NB - Book (Non borrowing) |
| Withdrawn status | Item status | Source of classification or shelving scheme | Damaged status | Not for loan | Vendor | Home library | Current library | Shelving location | Date acquired | Source of acquisition | Total Checkouts | Total Renewals | Full call number | Barcode | Date last seen | Date last borrowed | Koha item type |
|---|---|---|---|---|---|---|---|---|---|---|---|---|---|---|---|---|---|
| Dewey Decimal Classification | Baccah | Central Library | Central Library | Lower Floor | 10/03/2011 | 7 | 17 | 158.4 MAN | 000022918 | 15/07/2025 | 13/03/2016 | Book - Borrowing | |||||
| Dewey Decimal Classification | Baccah | Central Library | Central Library | Lower Floor | 10/03/2011 | 9 | 23 | 158.4 MAN | 000022919 | 15/07/2025 | 16/10/2018 | Book - Borrowing | |||||
| Dewey Decimal Classification | Baccah | Central Library | Central Library | Lower Floor | 10/03/2011 | 8 | 16 | 158.4 MAN | 000022920 | 15/07/2025 | 11/04/2013 | Book - Borrowing | |||||
| Dewey Decimal Classification | Baccah | Central Library | Central Library | Lower Floor | 10/03/2011 | 10 | 14 | 158.4 MAN | 000022921 | 15/07/2025 | 28/04/2013 | Book - Borrowing | |||||
| Dewey Decimal Classification | Baccah | Central Library | Central Library | Lower Floor | 10/03/2011 | 9 | 158.4 MAN | 000022922 | 15/07/2025 | 24/04/2013 | NB - Book (Non borrowing) | ||||||
| Dewey Decimal Classification | Baccah | Central Library | Central Library | Lower Floor | 20/04/2011 | 7 | 12 | 158.4 MAN | 000023309 | 15/07/2025 | 11/04/2013 | Book - Borrowing | |||||
| Dewey Decimal Classification | Baccah | Central Library | Central Library | Lower Floor | 02/05/2011 | 3 | 9 | 158.4 MAN | 000023463 | 15/07/2025 | 26/03/2013 | Book - Borrowing | |||||
| Dewey Decimal Classification | Baccah | Central Library | Central Library | Lower Floor | 02/05/2011 | 5 | 29 | 158.4 MAN | 000023464 | 15/07/2025 | 20/12/2015 | Book - Borrowing | |||||
| Dewey Decimal Classification | Baccah | Central Library | Central Library | Lower Floor | 02/05/2011 | 6 | 7 | 158.4 MAN | 000023465 | 15/07/2025 | 07/02/2018 | Book - Borrowing |